[Event "4NCL Division 1a"]
[Site "Hinckley Island ENG"]
[Date "2014.01.12"]
[Round "4.111"]
[White "Short, Nigel D"]
[Black "Morrison, Graham"]
[Result "1-0"]
[WhiteElo "2683"]
[BlackElo "2361"]
[PlyCount "81"]
[EventDate "2014.01.12"]
[WhiteTeam "Guildford 1"]
[BlackTeam "Barbican 4NCL 2"]

1. d4 Nf6 2. c4 e6 3. Nc3 Bb4 4. e3 O-O 5. Bd3 d5 6. cxd5 exd5 7. Nge2 Re8 8.
Bd2 Bf8 9. Rc1 c6 10. O-O g6 11. f3 c5 12. dxc5 Bxc5 13. Nb5 Qb6 14. Kh1 Nc6
15. Rxc5 Qxc5 16. Nc7 Be6 17. Nxa8 Rxa8 18. Bc3 Nd7 19. Nd4 Nde5 20. Bb1 Nc4
21. Re1 Nxd4 22. Bxd4 Qa5 23. Qe2 Rc8 24. Rd1 a6 25. Qf2 Nd6 26. g4 Ne8 27. h4
Qa4 28. Rg1 f6 29. f4 Bf7 30. f5 Qd7 31. Bd3 g5 32. Kg2 h6 33. Rh1 Qd6 34. Qe1
Kg7 35. a4 Rc4 36. hxg5 hxg5 37. Bxc4 dxc4 38. Kg1 Qd5 39. Qg3 Kf8 40. Rh8+ Ke7
41. Qg2 1-0

[Event "4NCL Division 1a"]
[Site "Hinckley Island ENG"]
[Date "2014.01.12"]
[Round "4.112"]
[White "Dragicevic, Drazen"]
[Black "Edouard, Romain"]
[Result "0-1"]
[WhiteElo "2299"]
[BlackElo "2658"]
[PlyCount "136"]
[EventDate "2014.01.12"]
[WhiteTeam "Barbican 4NCL 2"]
[BlackTeam "Guildford 1"]

1. Nf3 Nf6 2. c4 b6 3. g3 Bb7 4. Bg2 g6 5. b4 e5 6. Bb2 d6 7. O-O Bg7 8. Qa4+
Bc6 9. Qc2 O-O 10. d4 exd4 11. Bxd4 Be4 12. Qd2 c5 13. Bb2 cxb4 14. Qxb4 Na6
15. Qa3 Nc5 16. Nc3 Bb7 17. Rfd1 Qe7 18. e3 Rfc8 19. Rac1 Ng4 20. h3 Ne5 21.
Nd5 Qe8 22. Nd4 Na4 23. Ba1 Nxc4 24. Qb4 a5 25. Qb5 Rc5 26. Qxe8+ Rxe8 27. Nxb6
Ncxb6 28. Bxb7 Rb8 29. Bf3 Rbc8 30. Rb1 Nc4 31. Nb3 R5c7 32. Bxg7 Kxg7 33. Rbc1
Nab2 34. Rd5 a4 35. Nd4 Nd3 36. Ra1 Nd2 37. Be2 Rc1+ 38. Rxc1 Rxc1+ 39. Kg2
Ne1+ 40. Kh2 Ne4 41. Ra5 Nc3 42. Bb5 Ra1 43. Bc4 h5 44. Nb5 Ne4 45. Nd4 Nc3 46.
Nb5 Nxb5 47. Rxb5 Rc1 48. Rb4 a3 49. Ra4 g5 50. g4 Nf3+ 51. Kg2 Nh4+ 52. Kh2
Kh6 53. Bd5 Rf1 54. f4 Rd1 55. Ra5 f5 56. fxg5+ Kxg5 57. gxh5 Rd3 58. e4 Rd2+
59. Kg1 Nf3+ 60. Kf1 f4 61. Rxa3 Ne5 62. h6 Kxh6 63. Ra6 f3 64. h4 Ng4 65.
Rxd6+ Kg7 66. Rd7+ Kf8 67. Rf7+ Ke8 68. Bb3 f2 0-1

[Event "4NCL Division 1a"]
[Site "Hinckley Island ENG"]
[Date "2014.01.12"]
[Round "4.113"]
[White "Jones, Gawain CB"]
[Black "Buchicchio, Giampaolo"]
[Result "1-0"]
[WhiteElo "2654"]
[BlackElo "2342"]
[PlyCount "87"]
[EventDate "2014.01.12"]
[WhiteTeam "Guildford 1"]
[BlackTeam "Barbican 4NCL 2"]

1. e4 c5 2. Nf3 e6 3. g3 Nc6 4. Bg2 g6 5. d4 cxd4 6. Nxd4 a6 7. Nxc6 dxc6 8.
Qxd8+ Kxd8 9. e5 Kc7 10. Nd2 Bg7 11. Nc4 Ne7 12. a4 a5 13. Be3 Nd5 14. Bc5 Bf8
15. Bd6+ Bxd6 16. exd6+ Kd8 17. O-O-O Bd7 18. Rhe1 Rf8 19. f4 Ra6 20. Ne5 Nb6
21. b3 Nd5 22. Kb2 Nb4 23. Nf3 Nd5 24. Ng5 Nf6 25. Rd2 b5 26. axb5 cxb5 27. Re5
h6 28. Ne4 Ne8 29. Nc5 Rb6 30. Re1 a4 31. Red1 g5 32. bxa4 bxa4+ 33. Ka2 gxf4
34. Nxd7 Kxd7 35. c4 f3 36. Bxf3 Rb3 37. Rd3 Nf6 38. Rxb3 axb3+ 39. Kxb3 Rb8+
40. Kc3 Rc8 41. Bb7 Rb8 42. Ba6 Ne4+ 43. Kd4 Nxd6 44. Kc5 1-0

[Event "4NCL Division 1a"]
[Site "Hinckley Island ENG"]
[Date "2014.01.12"]
[Round "4.114"]
[White "Knott, Simon JB"]
[Black "Van Kampen, Robin"]
[Result "1/2-1/2"]
[WhiteElo "2317"]
[BlackElo "2602"]
[PlyCount "76"]
[EventDate "2014.01.12"]
[WhiteTeam "Barbican 4NCL 2"]
[BlackTeam "Guildford 1"]

1. Nf3 d6 2. d4 Nf6 3. c4 g6 4. Nc3 Bg7 5. e4 O-O 6. Be2 e5 7. O-O Nc6 8. d5
Ne7 9. Ne1 Nd7 10. Nd3 f5 11. Bd2 Kh8 12. Rc1 Nf6 13. f3 c6 14. Be3 a6 15. a3
b5 16. Nb4 cxd5 17. Nbxd5 Nexd5 18. Nxd5 Rb8 19. c5 dxc5 20. Bxc5 Re8 21. Nxf6
Qxf6 22. Qd6 Bb7 23. Qxf6 Bxf6 24. Bd3 Rbd8 25. Rcd1 Bc8 26. Bc2 Be6 27. Rxd8
Rxd8 28. Rd1 Rxd1+ 29. Bxd1 fxe4 30. fxe4 Kg7 31. a4 Bg5 32. axb5 axb5 33. Kf2
Bc1 34. b4 Kf6 35. g3 h5 36. Be2 Bd7 37. Bd3 Bg5 38. Be3 Bxe3+ 1/2-1/2

[Event "4NCL Division 1a"]
[Site "Hinckley Island ENG"]
[Date "2014.01.12"]
[Round "4.115"]
[White "Hebden, Mark L"]
[Black "Rogers, Jonathan W"]
[Result "1-0"]
[WhiteElo "2551"]
[BlackElo "2303"]
[PlyCount "93"]
[EventDate "2014.01.12"]
[WhiteTeam "Guildford 1"]
[BlackTeam "Barbican 4NCL 2"]

1. d4 Nf6 2. Nf3 e6 3. c4 d5 4. Bg5 Bb4+ 5. Nc3 O-O 6. Rc1 h6 7. Bxf6 Qxf6 8.
a3 Bxc3+ 9. Rxc3 c6 10. g4 c5 11. cxd5 cxd4 12. Qxd4 Qxd4 13. Nxd4 exd5 14. Rg1
Nc6 15. Nxc6 bxc6 16. Rxc6 Rb8 17. Rc2 Bd7 18. g5 Bf5 19. Rd2 Rfc8 20. f3 Be6
21. gxh6 g6 22. Rg3 Rc1+ 23. Kf2 a5 24. Bh3 Kh7 25. Bxe6 fxe6 26. f4 Rb7 27.
Re3 Rb6 28. Rdd3 Rc4 29. Kf3 Rxb2 30. Rxe6 Re4 31. Re3 Rxe3+ 32. Rxe3 Kxh6 33.
Rd3 Rb5 34. Kg4 Rc5 35. h4 Kg7 36. e3 Kf6 37. Kf3 Ke6 38. Rb3 Kf5 39. Rb6 Rc3
40. Rd6 Rxa3 41. Rxd5+ Ke6 42. Re5+ Kf6 43. h5 gxh5 44. Rxh5 Ra4 45. Rh6+ Kf7
46. Ra6 Ra3 47. f5 1-0

[Event "4NCL Division 1a"]
[Site "Hinckley Island ENG"]
[Date "2014.01.12"]
[Round "4.117"]
[White "Sarakauskas, Gediminas"]
[Black "Taylor, Martin R"]
[Result "1/2-1/2"]
[WhiteElo "2400"]
[BlackElo "2325"]
[PlyCount "33"]
[EventDate "2014.01.12"]
[WhiteTeam "Guildford 1"]
[BlackTeam "Barbican 4NCL 2"]

1. Nf3 d5 2. g3 Nf6 3. Bg2 Bf5 4. c4 e6 5. O-O Nbd7 6. b3 h6 7. Bb2 Be7 8. d3
O-O 9. Nbd2 Bh7 10. Re1 c6 11. Qc2 a5 12. a3 Re8 13. Rad1 Qb6 14. Bd4 Qc7 15.
Bb2 Qb6 16. Bd4 Qc7 17. Bb2 1/2-1/2

[Event "4NCL Division 1a"]
[Site "Hinckley Island ENG"]
[Date "2014.01.12"]
[Round "4.118"]
[White "Bhatia, Kanwal K"]
[Black "Ciuksyte, Dagne"]
[Result "1-0"]
[WhiteElo "2031"]
[BlackElo "2357"]
[PlyCount "78"]
[EventDate "2014.01.12"]
[WhiteTeam "Barbican 4NCL 2"]
[BlackTeam "Guildford 1"]

1. e4 c5 2. c3 Nf6 3. e5 Nd5 4. d4 cxd4 5. Nf3 e6 6. cxd4 d6 7. Bc4 Nc6 8. O-O
Be7 9. a3 O-O 10. Nbd2 dxe5 11. dxe5 Qc7 12. Qe2 Nf4 13. Qe3 Ng6 14. Re1 b6 15.
b4 Bb7 16. Bb2 Rad8 17. Rac1 Qb8 18. Nb3 Rc8 19. Rc2 h6 20. Bd3 Nd8 21. Nbd4 a5
22. Rxc8 Qxc8 23. Rc1 Qb8 24. Bc3 Nh4 25. Nxh4 Bxh4 26. bxa5 bxa5 27. Nb5 Bg5
28. f4 Be7 29. Qb6 Nc6 30. Bd2 Bd8 31. Qe3 Ba6 32. Qe4 g6 33. Qxc6 Bb6+ 34. Kh1
Rd8 35. Qc2 Rd5 36. Bc4 Rc5 37. Qd3 Qc8 38. Nd6 Qc6 39. Rc3 Bxc4 1-0

[Event "4NCL Division 1a"]
[Site "Hinckley Island ENG"]
[Date "2014.01.12"]
[Round "4.121"]
[White "Cherniaev, Alexander"]
[Black "Hawkins, Jonathan"]
[Result "1/2-1/2"]
[WhiteElo "2439"]
[BlackElo "2510"]
[PlyCount "84"]
[EventDate "2014.01.12"]
[WhiteTeam "Wood Green HK 2"]
[BlackTeam "Cheddleton 1"]

1. e4 e5 2. Nf3 Nc6 3. Bb5 a6 4. Ba4 Nf6 5. O-O Be7 6. Qe2 b5 7. Bb3 O-O 8. a4
Bb7 9. c3 d5 10. d4 Nxe4 11. dxe5 Nc5 12. Bc2 b4 13. Rd1 f5 14. Nbd2 Qd7 15. a5
Qe6 16. Nb3 Ne4 17. Nbd4 Nxd4 18. cxd4 f4 19. Bb3 Qf5 20. Ne1 c5 21. dxc5 Nxc5
22. Ba2 Ne4 23. Nd3 f3 24. Qxf3 Qxf3 25. gxf3 Rxf3 26. Be3 Raf8 27. Ne1 Rxe3
28. fxe3 Bg5 29. Ng2 Nf2 30. h4 Nxd1 31. Rxd1 Bd8 32. Bb3 Bxa5 33. Bxd5+ Bxd5
34. Rxd5 Bc7 35. Nf4 Re8 36. Nd3 a5 37. Kf2 Kf7 38. Kf3 a4 39. Rd7+ Re7 40. Rd4
Bxe5 41. Rxb4 Bf6 42. Rxa4 Rb7 1/2-1/2

[Event "4NCL Division 1a"]
[Site "Hinckley Island ENG"]
[Date "2014.01.12"]
[Round "4.122"]
[White "Eggleston, David J"]
[Black "Houska, Jovanka"]
[Result "0-1"]
[WhiteElo "2434"]
[BlackElo "2415"]
[PlyCount "78"]
[EventDate "2014.01.12"]
[WhiteTeam "Cheddleton 1"]
[BlackTeam "Wood Green HK 2"]

1. e4 c6 2. d4 d5 3. Nc3 dxe4 4. Nxe4 Bf5 5. Ng3 Bg6 6. h4 h6 7. Nf3 Nf6 8. h5
Bh7 9. Bd3 Bxd3 10. Qxd3 e6 11. Bd2 c5 12. O-O-O Nc6 13. Bc3 Qd5 14. b3 Be7 15.
Kb1 O-O 16. dxc5 Qxc5 17. Bxf6 gxf6 18. Ne4 Qa3 19. c3 f5 20. Ned2 Bf6 21. Nc4
Qc5 22. Nd4 Rfd8 23. Qg3+ Bg7 24. Nxc6 Qxc6 25. Rde1 Rac8 26. Re3 Rd5 27. f4 b5
28. Ne5 Qd6 29. Rc1 Rd8 30. Re2 Rd1 31. Rec2 Qd5 32. Kb2 Rxc1 33. Rxc1 Qe4 34.
Rc2 Rd5 35. Qf2 Bxe5 36. fxe5 a5 37. Re2 Qd3 38. g3 b4 39. c4 Qc3+ 0-1

[Event "4NCL Division 1a"]
[Site "Hinckley Island ENG"]
[Date "2014.01.12"]
[Round "4.123"]
[White "Pert, Richard G"]
[Black "Shytaj, Luca"]
[Result "1/2-1/2"]
[WhiteElo "2433"]
[BlackElo "2461"]
[PlyCount "41"]
[EventDate "2014.01.12"]
[WhiteTeam "Wood Green HK 2"]
[BlackTeam "Cheddleton 1"]

1. d4 Nf6 2. Nf3 e6 3. c4 c5 4. e3 cxd4 5. exd4 d5 6. Nc3 Nc6 7. cxd5 Nxd5 8.
Bd3 Be7 9. O-O O-O 10. Re1 g6 11. Bh6 Re8 12. Rc1 Nxc3 13. bxc3 Bf6 14. Be4 Bd7
15. Bf4 Rc8 16. Bg3 b5 17. h4 Bg7 18. h5 Qb6 19. Ne5 Nxe5 20. Bxe5 Bxe5 21.
dxe5 1/2-1/2

[Event "4NCL Division 1a"]
[Site "Hinckley Island ENG"]
[Date "2014.01.12"]
[Round "4.124"]
[White "Paehtz, Elisabeth"]
[Black "Greet, Andrew N"]
[Result "1/2-1/2"]
[WhiteElo "2458"]
[BlackElo "2429"]
[PlyCount "56"]
[EventDate "2014.01.12"]
[WhiteTeam "Cheddleton 1"]
[BlackTeam "Wood Green HK 2"]

1. e4 e6 2. d4 d5 3. Nc3 Bb4 4. e5 c5 5. a3 Bxc3+ 6. bxc3 Ne7 7. Nf3 h6 8. a4
O-O 9. Bd3 b6 10. Be3 Nf5 11. Bxf5 cxd4 12. Nxd4 exf5 13. Qf3 Qc7 14. O-O Nc6
15. Nxc6 Qxc6 16. Bd4 Ba6 17. Rfe1 Qe6 18. Qe3 Bc4 19. Qc1 Rfb8 20. Qa3 a5 21.
Reb1 b5 22. axb5 Rxb5 23. Rxb5 Bxb5 24. Rb1 Qc6 25. h4 Kh7 26. Re1 Qe6 27. Rb1
Qc6 28. Re1 Qe6 1/2-1/2

[Event "4NCL Division 1a"]
[Site "Hinckley Island ENG"]
[Date "2014.01.12"]
[Round "4.125"]
[White "Haydon, David L"]
[Black "Williams, Simon K"]
[Result "1/2-1/2"]
[WhiteElo "2280"]
[BlackElo "2449"]
[PlyCount "60"]
[EventDate "2014.01.12"]
[WhiteTeam "Wood Green HK 2"]
[BlackTeam "Cheddleton 1"]

1. g3 f5 2. d4 e6 3. Bg2 Nf6 4. c4 Be7 5. Nc3 O-O 6. Nf3 d6 7. O-O Ne4 8. Qc2
Nxc3 9. bxc3 Nc6 10. e4 e5 11. d5 Na5 12. exf5 Bxf5 13. Qe2 Qe8 14. Nd2 Qa4 15.
Be4 b6 16. h4 Rf7 17. Bxf5 Rxf5 18. Qe4 Raf8 19. Kg2 Nb7 20. Nb3 Qe8 21. Be3 a5
22. Bg5 Bxg5 23. hxg5 Qg6 24. f3 Qxg5 25. Rh1 R8f7 26. Rh4 Rf4 27. Rxf4 Rxf4
28. Qe3 Qg6 29. Rh1 h5 30. Rxh5 Qxh5 1/2-1/2

[Event "4NCL Division 1a"]
[Site "Hinckley Island ENG"]
[Date "2014.01.12"]
[Round "4.126"]
[White "Hamitevici, Vladimir"]
[Black "Lee, Graham D"]
[Result "1-0"]
[WhiteElo "2476"]
[BlackElo "2249"]
[PlyCount "61"]
[EventDate "2014.01.12"]
[WhiteTeam "Cheddleton 1"]
[BlackTeam "Wood Green HK 2"]

1. Nf3 Nf6 2. c4 c5 3. Nc3 b6 4. g3 Bb7 5. Bg2 e6 6. O-O Be7 7. d4 cxd4 8. Qxd4
d6 9. Rd1 a6 10. b3 O-O 11. Bb2 Qc7 12. h3 Nbd7 13. Rac1 Rfd8 14. g4 Bf8 15. g5
Nh5 16. Qg4 g6 17. Ne4 Ne5 18. Nxe5 dxe5 19. e3 Rxd1+ 20. Rxd1 b5 21. c5 Bd5
22. b4 Rd8 23. a3 Be7 24. h4 Bf8 25. Nc3 Bxg2 26. Kxg2 Rxd1 27. Qxd1 f5 28.
gxf6 Nxf6 29. Qf3 Kg7 30. Ne4 Be7 31. Ng5 1-0

[Event "4NCL Division 1a"]
[Site "Hinckley Island ENG"]
[Date "2014.01.12"]
[Round "4.127"]
[White "Hegarty, Sarah N"]
[Black "Arkell, Keith CC"]
[Result "0-1"]
[WhiteElo "2112"]
[BlackElo "2444"]
[PlyCount "80"]
[EventDate "2014.01.12"]
[WhiteTeam "Wood Green HK 2"]
[BlackTeam "Cheddleton 1"]

1. e4 c6 2. d4 g6 3. Nf3 Bg7 4. Nc3 d6 5. Bc4 Nf6 6. Bb3 O-O 7. O-O Bg4 8. h3
Bxf3 9. Qxf3 Nbd7 10. Qe2 Qc7 11. Be3 c5 12. a4 cxd4 13. Bxd4 e6 14. Rad1 a6
15. Ba2 Ne5 16. Bxe5 dxe5 17. Rd3 Rfd8 18. Rfd1 Rd4 19. Qe3 Ne8 20. Ne2 Rxa4
21. Bb3 Rb4 22. Rd7 Qc6 23. f3 Rd4 24. R7xd4 exd4 25. Nxd4 Qb6 26. Nf5 Qxe3+
27. Nxe3 Bxb2 28. Nc4 Bc3 29. Rd3 Bb4 30. Rd7 b5 31. Ne5 Ra7 32. Rd8 Kf8 33.
Kf1 Rc7 34. Ra8 Bc3 35. Ng4 a5 36. e5 Ke7 37. f4 a4 38. Ba2 Bd2 39. Ke2 Bxf4
40. Kd3 h5 0-1

[Event "4NCL Division 1a"]
[Site "Hinckley Island ENG"]
[Date "2014.01.12"]
[Round "4.128"]
[White "Steil-Antoni, Fiona"]
[Black "Maduekwe, Chiedu U"]
[Result "1-0"]
[WhiteElo "2177"]
[BlackElo "2136"]
[PlyCount "55"]
[EventDate "2014.01.12"]
[WhiteTeam "Cheddleton 1"]
[BlackTeam "Wood Green HK 2"]

1. e4 e6 2. Nf3 d5 3. e5 c5 4. b4 cxb4 5. a3 Nc6 6. axb4 Bxb4 7. c3 Be7 8. d4
f6 9. Bd3 fxe5 10. dxe5 Nh6 11. Bxh6 gxh6 12. O-O O-O 13. Na3 Bd7 14. Nb5 a6
15. Nbd4 Kh8 16. Qb1 Qc7 17. Re1 Rf7 18. Nb5 Qb8 19. Nbd4 Qa7 20. Qc1 Bf8 21.
Qe3 Rc8 22. Reb1 Bc5 23. Qxh6 Nxd4 24. Ng5 Nf3+ 25. gxf3 Rg8 26. Kh1 Rxg5 27.
Qxg5 Be7 28. Qh5 1-0

[Event "4NCL Division 1a"]
[Site "Hinckley Island ENG"]
[Date "2014.01.12"]
[Round "4.131"]
[White "Ghasi, Ameet K"]
[Black "Gormally, Daniel W"]
[Result "1/2-1/2"]
[WhiteElo "2467"]
[BlackElo "2500"]
[PlyCount "80"]
[EventDate "2014.01.12"]
[WhiteTeam "Grantham Sharks 1"]
[BlackTeam "Blackthorne Russia"]

1. Nf3 Nf6 2. g3 g6 3. Bg2 Bg7 4. O-O O-O 5. d3 c5 6. e4 Nc6 7. Nbd2 d6 8. c3
e5 9. a4 b6 10. Nc4 h6 11. Nfd2 Rb8 12. Ne3 Ne7 13. f4 exf4 14. gxf4 d5 15. e5
Ne8 16. d4 cxd4 17. cxd4 Nf5 18. Nb1 Nc7 19. Nc3 Be6 20. Nxf5 Bxf5 21. b3 Re8
22. Ba3 Bf8 23. Bxf8 Rxf8 24. Ne2 Qd7 25. Ng3 Rfd8 26. Qf3 Na6 27. Rae1 Nb4 28.
Nxf5 Qxf5 29. Re3 Nc2 30. Rd3 Nb4 31. Rd2 h5 32. Qg3 Qg4 33. Qc3 a5 34. f5 Rbc8
35. Qe3 gxf5 36. Kh1 Rc6 37. h3 Qg6 38. Bf3 Kf8 39. Qf4 Qh6 40. Qh4 Re8 1/2-1/2

[Event "4NCL Division 1a"]
[Site "Hinckley Island ENG"]
[Date "2014.01.12"]
[Round "4.132"]
[White "Hunt, Adam C"]
[Black "Roberson, Peter T"]
[Result "1/2-1/2"]
[WhiteElo "2448"]
[BlackElo "2374"]
[PlyCount "55"]
[EventDate "2014.01.12"]
[WhiteTeam "Blackthorne Russia"]
[BlackTeam "Grantham Sharks 1"]

1. e4 e6 2. d4 d5 3. Nc3 Bb4 4. e5 c5 5. a3 Bxc3+ 6. bxc3 Ne7 7. h4 Nbc6 8. h5
h6 9. Qg4 Nf5 10. Bd3 O-O 11. Nf3 c4 12. Bxf5 exf5 13. Qg3 Kh8 14. O-O Qa5 15.
Nh4 Qa4 16. Ra2 a5 17. Rb2 Ra6 18. e6 Bxe6 19. Rxb7 Ra7 20. Rxa7 Nxa7 21. Re1
Qxc2 22. Bxh6 gxh6 23. Rxe6 fxe6 24. Ng6+ Kg8 25. Ne5+ Kh8 26. Ng6+ Kg8 27.
Ne5+ Kh8 28. Ng6+ 1/2-1/2

[Event "4NCL Division 1a"]
[Site "Hinckley Island ENG"]
[Date "2014.01.12"]
[Round "4.133"]
[White "Rendle, Thomas E"]
[Black "Hunt, Harriet V"]
[Result "1-0"]
[WhiteElo "2384"]
[BlackElo "2446"]
[PlyCount "91"]
[EventDate "2014.01.12"]
[WhiteTeam "Grantham Sharks 1"]
[BlackTeam "Blackthorne Russia"]

1. e4 c6 2. d4 d5 3. Nc3 dxe4 4. Nxe4 Bf5 5. Ng3 Bg6 6. h4 h6 7. Nf3 Nd7 8. h5
Bh7 9. Bd3 Bxd3 10. Qxd3 e6 11. Bd2 Ngf6 12. O-O-O Qc7 13. Ne4 O-O-O 14. g3
Nxe4 15. Qxe4 Nf6 16. Qe2 Bd6 17. c4 c5 18. Bc3 Kb8 19. d5 Rhe8 20. Qc2 e5 21.
Nd2 Qd7 22. f3 Ka8 23. g4 Rf8 24. Rde1 Rde8 25. Re2 Ng8 26. Ne4 f6 27. Rhe1 Rd8
28. Bd2 a6 29. Nxd6 Qxd6 30. f4 Qd7 31. fxe5 fxe5 32. g5 hxg5 33. Rxe5 g4 34.
Re6 Rf2 35. Qb3 Rf3 36. Qb6 Rc8 37. b3 g3 38. Be3 Qd8 39. Qxd8 Rxd8 40. Bxc5
Nf6 41. h6 g2 42. hxg7 Rf1 43. Kd2 Rg8 44. Re7 Rxe1 45. Kxe1 Nh5 46. d6 1-0

[Event "4NCL Division 1a"]
[Site "Hinckley Island ENG"]
[Date "2014.01.12"]
[Round "4.134"]
[White "Ledger, Andrew J"]
[Black "Grund, Holger"]
[Result "1-0"]
[WhiteElo "2382"]
[BlackElo "2430"]
[PlyCount "49"]
[EventDate "2014.01.12"]
[WhiteTeam "Blackthorne Russia"]
[BlackTeam "Grantham Sharks 1"]

1. c4 e5 2. g3 Nf6 3. Bg2 Nc6 4. Nc3 Bb4 5. Nd5 O-O 6. Nf3 e4 7. Nh4 Re8 8. O-O
d6 9. d3 Nxd5 10. cxd5 exd3 11. Qxd3 Ne5 12. Qc2 Bg4 13. h3 Bd7 14. Be3 Ba5 15.
Rfd1 Ng6 16. Nxg6 Rxe3 17. fxe3 hxg6 18. a4 Qg5 19. Kh2 Re8 20. e4 f5 21. b4
Bxb4 22. Qxc7 Bc8 23. e5 dxe5 24. d6 Qd8 25. Qc4+ 1-0

[Event "4NCL Division 1a"]
[Site "Hinckley Island ENG"]
[Date "2014.01.12"]
[Round "4.135"]
[White "Williams, Samuel G"]
[Black "Duncan, Chris R"]
[Result "1/2-1/2"]
[WhiteElo "2267"]
[BlackElo "2321"]
[PlyCount "100"]
[EventDate "2014.01.12"]
[WhiteTeam "Grantham Sharks 1"]
[BlackTeam "Blackthorne Russia"]

1. d4 d5 2. c4 c6 3. Nf3 Nf6 4. Nc3 dxc4 5. a4 c5 6. d5 Bf5 7. a5 g6 8. Qa4+
Bd7 9. Qxc4 Na6 10. e4 Nb4 11. Qb3 Bg7 12. Bc4 O-O 13. O-O b5 14. axb6 axb6 15.
Rxa8 Qxa8 16. Re1 Qb7 17. Ne5 Ne8 18. Nxd7 Qxd7 19. Bf4 Nd6 20. Bf1 Ra8 21. h3
Qb7 22. g4 Rd8 23. e5 Ne8 24. Rd1 Qb8 25. d6 exd6 26. exd6 Nc6 27. Qa4 Nd4 28.
d7 Nd6 29. Nb5 Bf8 30. Nxd4 cxd4 31. Rxd4 Qc7 32. Bb5 Qc5 33. Bxd6 Bxd6 34. Rc4
Qe5 35. Rc8 Qh2+ 36. Kf1 Qxh3+ 37. Ke2 Qh4 38. Qe4 Be7 39. Qf4 h5 40. f3 hxg4
41. fxg4 Kg7 42. Kd3 Bf6 43. Rc2 Qh1 44. Kc4 Qe1 45. Kb3 Qe6+ 46. Qc4 Qd6 47.
Qe4 Qd1 48. Ka2 Ra8+ 49. Qxa8 Qxc2 50. Qa3 Qd2 1/2-1/2

[Event "4NCL Division 1a"]
[Site "Hinckley Island ENG"]
[Date "2014.01.12"]
[Round "4.136"]
[White "Ledger, Dave J"]
[Black "Sreeves, Clement"]
[Result "0-1"]
[WhiteElo "2253"]
[BlackElo "2254"]
[PlyCount "106"]
[EventDate "2014.01.12"]
[WhiteTeam "Blackthorne Russia"]
[BlackTeam "Grantham Sharks 1"]

1. e4 c5 2. Nf3 d6 3. d4 cxd4 4. Nxd4 Nf6 5. Nc3 a6 6. Be3 e5 7. Nf3 Qc7 8. h3
b5 9. Bg5 b4 10. Nd5 Nxd5 11. Qxd5 Bb7 12. Qd3 Nd7 13. Nd2 Be7 14. Bxe7 Kxe7
15. Rc1 Rhd8 16. Qg3 Kf8 17. Bd3 Nf6 18. O-O d5 19. Rfe1 h6 20. exd5 Rxd5 21.
Ne4 Nh5 22. Qg4 Nf4 23. g3 Nxd3 24. cxd3 Qb6 25. Qf5 Kg8 26. Re3 Rad8 27. g4
Rd4 28. Qxe5 Rxd3 29. Rxd3 Rxd3 30. Nc5 Rd8 31. Nxb7 Qxb7 32. Qf4 a5 33. Kh2
Qd5 34. b3 Qd2 35. Qxd2 Rxd2 36. Kg2 Rxa2 37. Rc8+ Kh7 38. Ra8 g5 39. Ra6 Kg7
40. Kg3 Ra3 41. f3 Kf8 42. Ra7 Ke8 43. Kf2 Kd8 44. Kg2 Kc8 45. Kg3 Kb8 46. Ra6
Kb7 47. Rxh6 Rxb3 48. Rf6 a4 49. Rxf7+ Kc6 50. Rf6+ Kd7 51. Ra6 a3 52. Ra4 Rb2
53. f4 a2 0-1

[Event "4NCL Division 1a"]
[Site "Hinckley Island ENG"]
[Date "2014.01.12"]
[Round "4.137"]
[White "Foisor, Veronica"]
[Black "Nelson, Jonathan P"]
[Result "1-0"]
[WhiteElo "2259"]
[BlackElo "2243"]
[PlyCount "107"]
[EventDate "2014.01.12"]
[WhiteTeam "Grantham Sharks 1"]
[BlackTeam "Blackthorne Russia"]

1. d4 d6 2. Nf3 Nd7 3. Bf4 g6 4. c4 Bg7 5. Nc3 Ngf6 6. e3 O-O 7. Qc2 a6 8. Be2
Qe8 9. O-O e5 10. Bg3 c6 11. dxe5 dxe5 12. Nd2 Qe7 13. Bh4 h6 14. a3 g5 15. Bg3
Ne8 16. e4 Nc7 17. Bg4 Ne6 18. Bxe6 Qxe6 19. b4 h5 20. f3 Rd8 21. Na4 b5 22.
cxb5 axb5 23. Nc3 Nf8 24. Nb3 Qg6 25. Na5 Rd4 26. Rac1 g4 27. Ne2 h4 28. Nxc6
Qh6 29. Nexd4 hxg3 30. hxg3 exd4 31. Ne7+ Kh8 32. Nxc8 Rxa3 33. Rcd1 Rc3 34.
Qe2 Rxc8 35. f4 Qb6 36. Rd3 Rc3 37. Rfd1 Rxd3 38. Rxd3 Qe6 39. e5 Qc4 40. f5
Bh6 41. Kh2 Be3 42. Qd1 Nh7 43. Ra3 d3 44. Qxd3 Bd4 45. Ra8+ Kg7 46. f6+ Kh6
47. Qd2+ Kg6 48. Rg8+ Kf5 49. Qf4+ Ke6 50. Re8+ Kd7 51. Re7+ Kd8 52. Qxg4 Nf8
53. Qg8 Bg1+ 54. Kh1 1-0

[Event "4NCL Division 1a"]
[Site "Hinckley Island ENG"]
[Date "2014.01.12"]
[Round "4.138"]
[White "Ledger, Stephen C"]
[Black "Bremner, Adam"]
[Result "1/2-1/2"]
[WhiteElo "2081"]
[BlackElo "2189"]
[PlyCount "188"]
[EventDate "2014.01.12"]
[WhiteTeam "Blackthorne Russia"]
[BlackTeam "Grantham Sharks 1"]

1. d4 Nf6 2. Bg5 d5 3. Bxf6 exf6 4. e3 Bd6 5. c4 dxc4 6. Bxc4 O-O 7. Nc3 f5 8.
Nf3 Nd7 9. O-O Nf6 10. Qc2 c6 11. a3 Qe7 12. Rac1 g6 13. d5 Bd7 14. Rfd1 a6 15.
dxc6 Bxc6 16. Nd5 Nxd5 17. Bxd5 Rac8 18. Qb3 Bxd5 19. Qxd5 Rxc1 20. Rxc1 Rd8
21. Qc4 Be5 22. Nxe5 Qxe5 23. Qb4 Qd6 24. Qxd6 Rxd6 25. g3 Rd2 26. b4 Rd3 27.
Ra1 Kg7 28. Kf1 Kf6 29. Ke2 Rb3 30. Ra2 b6 31. Rc2 Rxa3 32. Rc6+ Ke5 33. Rxb6
Ke4 34. f3+ Kd5 35. b5 Ra2+ 36. Kd3 axb5 37. Rxb5+ Kc6 38. Rb8 Kd6 39. e4 fxe4+
40. Kxe4 Rxh2 41. Kf4 Ke6 42. Rb6+ Ke7 43. Rb7+ Kf6 44. Rb6+ Kg7 45. Rb7 Ra2
46. g4 h6 47. Rc7 Ra5 48. Rb7 Ra6 49. Rc7 Kf6 50. Rb7 Ra4+ 51. Kg3 h5 52. Rb6+
Kg5 53. gxh5 gxh5 54. Rb8 h4+ 55. Kh3 Ra1 56. Rb4 f5 57. Kg2 Ra3 58. Rc4 Ra6
59. Rb4 Ra1 60. Rc4 Rb1 61. Ra4 Rb3 62. Rc4 Kh5 63. Ra4 h3+ 64. Kxh3 Rxf3+ 65.
Kg2 Rb3 66. Kf2 Kg5 67. Rc4 Rb5 68. Ra4 Kf6 69. Kf3 Ke5 70. Rc4 Rb3+ 71. Kf2
Rd3 72. Ra4 Kf6 73. Rb4 Kg5 74. Ra4 Rb3 75. Rc4 f4 76. Rc8 Rb2+ 77. Kf3 Rb3+
78. Kf2 Rb5 79. Rg8+ Kf5 80. Rf8+ Ke4 81. Re8+ Re5 82. Rxe5+ Kxe5 83. Kf3 Kf5
84. Kf2 Ke4 85. Ke2 f3+ 86. Kf2 Kf4 87. Kf1 Ke3 88. Ke1 Kf4 89. Kf2 Kg4 90. Kf1
Kf4 91. Kf2 Kg4 92. Kf1 Kg3 93. Kg1 f2+ 94. Kf1 Kf3 1/2-1/2

[Event "4NCL Division 1a"]
[Site "Hinckley Island ENG"]
[Date "2014.01.12"]
[Round "4.141"]
[White "Snuverink, Jochem"]
[Black "Zakarian, David"]
[Result "1-0"]
[WhiteElo "2353"]
[BlackElo "2406"]
[PlyCount "75"]
[EventDate "2014.01.12"]
[WhiteTeam "Kings Head 1"]
[BlackTeam "Oxford 1"]

1. e4 c5 2. Nf3 Nc6 3. Nc3 d6 4. d4 cxd4 5. Nxd4 e5 6. Nf5 Bxf5 7. exf5 Qd7 8.
g4 h5 9. g5 Qxf5 10. h4 Nd4 11. Be3 Be7 12. Bxd4 exd4 13. Qxd4 Qe5+ 14. Qxe5
dxe5 15. O-O-O a6 16. Bg2 Rb8 17. Rhe1 f6 18. Nd5 Bc5 19. gxf6 gxf6 20. f4 Bf2
21. Re2 Bxh4 22. fxe5 Bg5+ 23. Kb1 f5 24. Rf1 Nh6 25. Bh3 Rf8 26. e6 Rc8 27.
Rd1 Be7 28. Bg2 f4 29. Be4 Rf6 30. Nxf6+ Bxf6 31. Bg6+ Kf8 32. Bxh5 Rc5 33. Bf3
Rb5 34. c4 Rb4 35. b3 Nf5 36. Rd7 Be7 37. Re4 Bd6 38. Rf7+ 1-0

[Event "4NCL Division 1a"]
[Site "Hinckley Island ENG"]
[Date "2014.01.12"]
[Round "4.142"]
[White "Tan, Justin"]
[Black "McMichael, Richard J"]
[Result "1-0"]
[WhiteElo "2313"]
[BlackElo "2216"]
[PlyCount "93"]
[EventDate "2014.01.12"]
[WhiteTeam "Oxford 1"]
[BlackTeam "Kings Head 1"]

1. e4 e6 2. d4 d5 3. Nc3 dxe4 4. Nxe4 Bd7 5. Nf3 Bc6 6. Bd3 Nd7 7. O-O Ngf6 8.
Ng3 Be7 9. Re1 O-O 10. c3 Re8 11. Bc2 Bxf3 12. Qxf3 c6 13. Bf4 Nf8 14. Rad1 Ng6
15. Bc1 Qd5 16. Qxd5 cxd5 17. f3 b5 18. Bd2 Rec8 19. Bd3 Rab8 20. b4 Bd6 21.
Ne2 Nd7 22. Ra1 Rc7 23. a4 bxa4 24. Rxa4 Ne7 25. Rea1 Nc8 26. Nc1 Ndb6 27. Ra6
Nc4 28. Be1 Rb6 29. R6a2 Kf8 30. Nb3 h6 31. Nc5 Ke7 32. Bf2 Rbc6 33. Bxc4 dxc4
34. Ne4 Rb7 35. Ra5 f5 36. Nc5 Rbc7 37. Nxe6 Bxh2+ 38. Kxh2 Rxe6 39. Rxf5 Rd7
40. d5 Rf6 41. Bc5+ Kf7 42. Re5 Nb6 43. d6 Nc8 44. Ra6 Re6 45. Rd5 g5 46. Rc6
Ne7 47. dxe7 1-0